Artistas para la Habana (Record no. 157729)

MARC details
000 -LEADER
campo de control de longitud fija 01150nam a22002295i 4500
001 - NÚMERO DE CONTROL
campo de control 157729
003 - IDENTIFICADOR DE NÚMERO DE CONTROL
campo de control ES-MaACL
005 - FECHA Y HORA DE LA ÚLTIMA TRANSACCIÓN
campo de control 20250824090221.0
008 - DATOS DE LONGITUD FIJA--INFORMACIÓN GENERAL
campo de control de longitud fija 040813s1877 sp |||| | spa d
040 ## - FUENTE DE CATALOGACIÓN
Centro catalogador/agencia de origen CAM
Lengua de catalogación spa
Centro/agencia transcriptor CAM
100 1# - ENTRADA PRINCIPAL--NOMBRE DE PERSONA
Nombre de persona Liern, Rafael María.
9 (RLIN) 72253
245 10 - MENCIÓN DEL TÍTULO
Título Artistas para la Habana
Resto del título : juguete cómico en un acto y en verso /
Mención de responsabilidad, etc. original de Rafael Maria Liern y Augusto E. Madán y García ; con música del maestro Francisco A. Barbieri.
260 ## - PUBLICACIÓN, DISTRIBUCIÓN, ETC.
Lugar de publicación, distribución, etc. Madrid :
Nombre del editor, distribuidor, etc. [s.n.],
Fecha de publicación, distribución, etc. 1877 (
Fabricante Imprenta de José Rodriguez)
300 ## - DESCRIPCIÓN FÍSICA
Extensión 34 p. ;
Dimensiones 18 cm.
500 ## - NOTA GENERAL
Nota general En port.: Estrenado en el Teatro de la Comedia el dia 10 de abril de 1877.
500 ## - NOTA GENERAL
Nota general Solo la letra.
596 ## - NOTA AL PIE DE IMPRENTA
NOTA AL PIE DE IMPRENTA En verso de la port. consta: "Los comisionados de la Administracion Lírico-Dramática de Eduardo Hidalgo ..."
700 1# - ENTRADA AGREGADA--NOMBRE PERSONAL
Nombre de persona Madán y García, Augusto E.
9 (RLIN) 129328
700 1# - ENTRADA AGREGADA--NOMBRE PERSONAL
Nombre de persona Barbieri, Francisco A.,
Fechas asociadas al nombre 1823-1894
9 (RLIN) 25463
852 ## - LOCALIZACIÓN
Ubicación ES-MaACL
Número de control de estantería F-8604(10)
Nota libre -- Enc. pasta española
condición física -- Falto de la cub. original
Nota libre -- Enc. en un vol. facticio formando parte de la col. facticia "Teatro español moderno", vol. 57
Holdings
Estatus retirado Estado de pérdida Estado de daño No para préstamo Colección Biblioteca de origen Biblioteca actual Ubicación en estantería Fecha de adquisición Total de préstamos Signatura topográfica completa Código de barras Visto por última vez Precio de reemplazo Tipo de ítem Koha
        Libros del s. XIX Biblioteca del Ateneo de Madrid Biblioteca del Ateneo de Madrid Sala Pecera Planta 2 17/01/2008   F-8604(10) 1165062 23/02/2023 23/02/2023 Libro impreso antiguo